Visiones acerca de las injusticias : litigación y gestión para el acceso /
Guardado en:
| Autor Principal: | |
|---|---|
| Otros Autores: | |
| Formato: | Libro |
| Idioma: | Spanish |
| Publicado: |
Ciudad Autónoma de Buenos Aires :
Editores del Sur,
2020.
|
| Edición: | 1a. ed. |
| Series: | Textos sobre estrategia y litigación
|
| Materias: | |
| Etiquetas: |
Agregar Etiqueta
Sin Etiquetas, Sea el primero en etiquetar este registro!
|
| LEADER | 00695nam a22002055a 4500 | ||
|---|---|---|---|
| 001 | DER.der014648 | ||
| 008 | 210712s2020####ag############000#0#spa#d | ||
| 005 | 20230919174728.0 | ||
| 245 | 1 | 0 | |a Visiones acerca de las injusticias : |b litigación y gestión para el acceso / |c Leticia Lorenzo. |
| 250 | |a 1a. ed. | ||
| 260 | |a Ciudad Autónoma de Buenos Aires : |b Editores del Sur, |c 2020. | ||
| 300 | |a 438 p. | ||
| 490 | 1 | |a Textos sobre estrategia y litigación | |
| 020 | |a 9789878418056 | ||
| 100 | 1 | |a Lorenzo, Leticia. | |
| 700 | 1 | |a Marull, Francisco. |4 aft | |
| 082 | 0 | 4 | |a 347.05 |2 21 |
| 650 | 7 | |a instrucción |2 SAIJ | |
| 650 | 7 | |a proceso penal |2 SAIJ | |
| 859 | |a DERECHO |b BIB. DERECHO |h 347.05 |i L869 |k 1.26 |p 009963 |t 1 | ||
